Chủ nghĩa hiện thực xã hội chủ nghĩa

Zapisane w:
Opis bibliograficzny
1. autor: A.I.Ốp.Tsa- Ren -Cô
Format: Książka
Wydane: H. Sự thật 1981
Hasła przedmiotowe:
Etykiety: Dodaj etykietę
Nie ma etykietki, Dołącz pierwszą etykiete!
Thư viện lưu trữ: Trung tâm Học liệu Lê Vũ Hùng, Trường Đại học Đồng Tháp
LEADER 00816pam a22002058a 4500
001 00000271
005 20171026081022.0
008 110318s1981 ||||||Viesd
041 0 # |a Vie 
082 1 4 |a 370.1  |b CH500NGH 
100 0 # |a A.I.Ốp.Tsa- Ren -Cô 
245 0 0 |a Chủ nghĩa hiện thực xã hội chủ nghĩa  |c A.I.Ốp.Tsa- Ren -Cô 
260 # # |a H.  |b Sự thật  |c 1981 
300 # # |a 170 tr.  |b 20 cm. 
650 # 4 |a Chủ nghĩa hiện thực 
653 # # |a Nghiên cứu nghệ thuật  |a Chủ nghĩa hiện thực xã hội chủ nghĩa  |a Phương pháp sáng tác  |a Chủ nghĩa xã hội 
852 # # |b Kho đọc  |j KD.0000455 
852 # # |j KD.0000455 
910 |d 18/03/2011 
980 # # |a Trung tâm Học liệu Lê Vũ Hùng, Trường Đại học Đồng Tháp